The tourist as child : some reflections

Saved in:
Bibliographic Details
Main Author: Dann, Graham
Format: Book
Language:English
Published: Paris : Centre des hautes etudes touristiques, 1989
Series:Cahiers du tourisme. Serie C ; ; 135
Subjects:
Tags: Add Tag
No Tags, Be the first to tag this record!

MARC

LEADER 00000nam a2200000 i 4500
001 1/68437
008 960620s1989 eng d
035 |l 10030198 
040 |a GR-MY-UA  |b gre  |e aacr 
041 0 |a eng 
082 0 |a 338.4791 
100 1 |a Dann, Graham. 
245 1 4 |a The tourist as child :  |b some reflections /  |c Graham M.S.Dann 
260 |a Paris :   |b Centre des hautes etudes touristiques,   |c 1989 
300 |a 32 p. 
490 1 |a Cahiers du tourisme. Serie C  |v ; 135 
500 |a Includes bibliography 
650 0 0 |a Tourism. 
830 0 |a Cahiers du tourisme. Serie C ;  |v ; 135 
852 |a INST  |b CHIOS  |e 19960620  |h 338.4791 DAN  |p 005200007640  |q 005200007640  |t BK  |y 0 
909 |a Χ  |b 032550